[Event "NZL-ch op-B 130th"]
[Site "Wellington"]
[Date "2023.01.08"]
[Round "7"]
[White "Gong, Jie"]
[Black "Familton, Gregory"]
[Result "1-0"]
[WhiteElo "1632"]
[BlackElo "1864"]
[PlyCount "57"]
[EventDate "2023.01.02"]
[EventType "swiss"]
[EventRounds "9"]
[EventCountry "NZL"]
[SourceTitle "CBM 212 Extra"]
[Source "ChessBase"]
[SourceDate "2023.03.31"]
[SourceVersion "1"]
[SourceVersionDate "2023.03.31"]
[SourceQuality "1"]

1. d4 Nf6 2. Bf4 d5 3. e3 c5 4. Nd2 Nc6 5. Ngf3 Bf5 6. Bb5 Qb6 7. a4 a6 8. Bxc6+ bxc6 9. b3 g6 10. 0-0 Bg7 11. Ne5 cxd4 12. Ndf3 dxe3 13. Bxe3 Qc7 14. Rc1 0-0 15. Nd3 Ne4 16. Bf4 Qc8 17. Re1 Nc3 18. Qd2 Na2 19. Rxe7 Nxc1 20. Qxc1 Re8 21. Rc7 Qe6 22. Nde5 Bxe5 23. Bxe5 Bg4 24. Qh6 Qxe5 25. Nxe5 Rxe5 26. h3 Bf5 27. Qg5 Re6 28. Qf4 f6 29. Qh6 1-0

[Event "NZL-ch Major op"]
[Site "Christchurch"]
[Date "2022.01.06"]
[Round "5"]
[White "Gong, Jie"]
[Black "Lee, Dylan1111"]
[Result "1-0"]
[WhiteElo "1464"]
[BlackElo "1207"]
[PlyCount "69"]
[EventDate "2022.01.02"]
[EventType "swiss"]
[EventRounds "9"]
[EventCountry "NZL"]
[SourceTitle "EXT 2024"]
[Source "ChessBase"]
[SourceDate "2023.10.10"]
[SourceVersion "1"]
[SourceVersionDate "2023.10.10"]
[SourceQuality "1"]

1. d4 d5 2. Bf4 Nf6 3. e3 c6 4. Nf3 e6 5. Bd3 Bd6 6. Nbd2 Bxf4 7. exf4 Nbd7 8. 0-0 0-0 9. c4 dxc4 10. Nxc4 b5 11. Nce5 Nxe5 12. Nxe5 Qxd4 13. Bxh7+ Kxh7 14. Qxd4 Bb7 15. Qd3+ Kg8 16. Qc2 Rac8 17. Rad1 c5 18. Nd7 Nxd7 19. Rxd7 Bc6 20. Rxa7 f5 21. Qc3 Rf6 22. Qg3 Rf7 23. Rxf7 Kxf7 24. Rd1 Bd5 25. b3 c4 26. bxc4 bxc4 27. Qc3 Ra8 28. Rd2 Rb8 29. Rb2 Rd8 30. f3 Ra8 31. Kf2 Rh8 32. h3 Ra8 33. a3 Rc8 34. Rb5 g6 35. Ra5 1-0

[Event "NZL-ch Major op"]
[Site "Tauranga"]
[Date "2020.01.18"]
[Round "5"]
[White "Gong, Jie"]
[Black "Deng, Abraham"]
[Result "0-1"]
[WhiteElo "1532"]
[BlackElo "1747"]
[PlyCount "102"]
[EventDate "2020.01.14"]
[EventType "swiss"]
[EventRounds "9"]
[EventCountry "NZL"]
[SourceTitle "EXT 2021"]
[Source "ChessBase"]
[SourceDate "2020.10.23"]
[SourceVersion "1"]
[SourceVersionDate "2020.10.23"]
[SourceQuality "1"]

1. d4 Nf6 2. Bf4 e6 3. e3 b6 4. Nf3 Bb7 5. c4 Bb4+ 6. Nc3 0-0 7. Bd3 Ne4 8. Qc2 Bxc3+ 9. bxc3 f5 10. Bxe4 Bxe4 11. Qe2 Bb7 12. Rd1 d6 13. Bg5 Qe8 14. 0-0 Qh5 15. Bf4 Nd7 16. Rfe1 h6 17. Nd2 Qxe2 18. Rxe2 e5 19. dxe5 dxe5 20. Nb3 Rad8 21. Red2 exf4 22. Rxd7 Rxd7 23. Rxd7 fxe3 24. fxe3 Rf7 25. Rd8+ Kh7 26. g3 c5 27. a4 Be4 28. Rd2 Bc6 29. a5 Ba4 30. Rb2 Bxb3 31. Rxb3 Rf6 32. axb6 axb6 33. Kf2 g5 34. h3 Kg6 35. Rb2 Rd6 36. Ke2 Kf6 37. Kf3 h5 38. g4 fxg4+ 39. hxg4 hxg4+ 40. Kxg4 Kg6 41. e4 Re6 42. e5 Rxe5 43. Rxb6+ Kf7 44. Rb7+ Kf6 45. Rb6+ Re6 46. Rxe6+ Kxe6 47. Kxg5 Ke5 48. Kg6 Ke4 49. Kf6 Kd3 50. Ke5 Kxc3 51. Kd5 Kb4 0-1

[Event "Manawatu op rapid"]
[Site "Palmerston North"]
[Date "2018.01.06"]
[Round "5"]
[White "Gong, Jie"]
[Black "Sharp, Derek"]
[Result "1/2-1/2"]
[WhiteElo "1208"]
[BlackElo "1328"]
[PlyCount "89"]
[EventDate "2018.01.05"]
[EventType "swiss (rapid)"]
[EventRounds "6"]
[EventCountry "NZL"]
[SourceTitle "EXT 2019"]
[Source "ChessBase"]
[SourceDate "2018.10.10"]
[SourceVersion "1"]
[SourceVersionDate "2018.10.10"]
[SourceQuality "1"]

1. d4 d5 2. Bf4 Nf6 3. e3 Bg4 4. Nf3 Nc6 5. c4 a6 6. a3 Bxf3 7. Qxf3 Ne4 8. Bd3 Nf6 9. Nc3 e6 10. b4 Qd7 11. b5 axb5 12. Nxb5 Bd6 13. Bg5 Be7 14. c5 Nb4 15. Qe2 Nxd3+ 16. Qxd3 b6 17. Bf4 Bd8 18. cxb6 cxb6 19. 0-0 Ne4 20. f3 Nf6 21. Bd6 Be7 22. Bxe7 Qxe7 23. Rfc1 0-0 24. Rc7 Nd7 25. Rac1 g6 26. R1c6 Rfd8 27. Rxb6 Kg7 28. Qc3 Qf8 29. Rbb7 Rac8 30. Na7 Rxc7 31. Rxc7 Qd6 32. Nb5 Qb6 33. a4 Nb8 34. Qa3 Qa5 35. h3 Na6 36. Ra7 Qe1+ 37. Kh2 Nb4 38. Nc7 h5 39. Nxe6+ Kf6 40. Nxd8 h4 41. Rxf7+ Kg5 42. Ne6+ Kh6 43. Qb2 Qg3+ 44. Kh1 Qe1+ 45. Kh2 1/2-1/2